| 000 | 00847nam a22002057a 4500 | ||
|---|---|---|---|
| 999 |
_c3987 _d3987 |
||
| 003 | AR-CdUCM | ||
| 008 | 190307b ||||| |||| 00| 0 spa d | ||
| 040 |
_aMUNICIPALIDAD PROVINCIAL DEL CUSCO _cBIBLIOTECA MUNICIPAL DEL CUSCO |
||
| 082 |
_a911 / _bC68 |
||
| 100 |
_aClaval, Paul _912736 |
||
| 245 | _aLa Nueva Geografia / | ||
| 260 |
_aEspaña : _boikos-tau ediciones , _c1979. |
||
| 300 |
_a139 páginas ; _c17.5 cm. |
||
| 505 | _aContenido : La Gestion -- Los Metodos -- Los fundamentos teoricos: el hombre, la sicoiedad, el espacio -- Las Tecnicas y el Espacio -- Los modelos economicos -- Modelos Socioeconomicos y esquemas de sintesis -- Tendencias y preocupaciones actuales... | ||
| 650 |
_aGeografia descriptiva _912737 |
||
| 650 |
_aModelos Socioeconomicos _912738 |
||
| 650 |
_aAxiologia _912739 |
||
| 942 |
_2ddc _cLIBROS |
||
| 945 | _artm | ||